书目信息 |
| 题名: |
美语会话一点灵
|
|
| 作者: | 苏雅敏 , 克莱因 编著 | |
| 分册: | ||
| 出版信息: | 上海 华东理工大学出版社 2010.01 |
|
| 页数: | 214页 | |
| 开本: | 21cm | |
| 丛书名: | ||
| 单 册: | ||
| 中图分类: | H319.9 | |
| 科图分类: | ||
| 主题词: | 英语--ying yu--口语--美国 | |
| 电子资源: | ||
| ISBN: | 978-7-5628-2639-2 | |
| 000 | 01080nam0 2200289 450 | |
| 001 | 012010388600 | |
| 005 | 20101107081056.18 | |
| 010 | @a978-7-5628-2639-2@dCNY22.00 (含光盘) | |
| 010 | @a978-7-88864-178-5@b光盘 | |
| 016 | @aCN-R32-09-0037-0@b光盘 | |
| 100 | @a20101107d2010 em y0chiy0120 ea | |
| 101 | 0 | @achi@aeng |
| 102 | @aCN@b310000 | |
| 105 | @ay z 000yy | |
| 106 | @ar | |
| 200 | 1 | @a美语会话一点灵@Amei yu hui hua yi dian ling@f苏雅敏, Raymond Klein编著@Fsu ya min,Raymond Klein bian zhu |
| 210 | @a上海@c华东理工大学出版社@d2010.01 | |
| 215 | @a214页@d21cm@e光盘1片 | |
| 306 | @a由(台湾)三思堂文化事业股份有闲公司授权出版发行 | |
| 314 | @a责任者Klein规范汉译姓 : 克莱因 | |
| 330 | @a本书提供鲜活的“虚拟情境”,呈现美式生活语境;囊括各种交流话题。书中从总统大选、运动旅行,到兴趣爱好、购物娱乐,挖掘简单却热门的话题。 | |
| 606 | 0 | @a英语@Aying yu@x口语@y美国 |
| 690 | @aH319.9@v4 | |
| 701 | 0 | @a苏雅敏@Asu ya min@4编著 |
| 701 | 1 | @a克莱因@Ake lai yin@g(Klein, Raymond)@4编著 |
| 801 | 0 | @aCN@bQSSK@c20101107 |
| 905 | @b788240-42@dH319.9@eS860@f3 | |
| 美语会话一点灵/苏雅敏, Raymond Klein编著.-上海:华东理工大学出版社,2010.01 |
| 214页;21cm+光盘1片 |
| ISBN 978-7-5628-2639-2:CNY22.00 (含光盘) |
| 本书提供鲜活的“虚拟情境”,呈现美式生活语境;囊括各种交流话题。书中从总统大选、运动旅行,到兴趣爱好、购物娱乐,挖掘简单却热门的话题。 |
| ● |
| 相关链接 |
|
|
|
正题名:美语会话一点灵
索取号:H319.9/S860
 
预约/预借
| 序号 | 登录号 | 条形码 | 馆藏地/架位号 | 状态 | 备注 |
| 1 | 788240 | 207882406 | 语言库209/209语言库 107排2列6层/ [索取号:H319.9/S860] | 在馆 | |
| 2 | 788241 | 207882415 | 语言库209/209语言库 107排2列6层/ [索取号:H319.9/S860] | 在馆 | |
| 3 | 788242 | 207882424 | 语言库209/209语言库 107排2列6层/ [索取号:H319.9/S860] | 在馆 |